000 00702cam a22001934a 4500
005 20250605164346.0
008 250528s ||||||||||||||||||||||||d
035 _a23898
040 _aGR-AtMCL
_bgre
_dGR-AtMCL
_eAACR2
245 1 _aThe Person in Psychological Science / Alison Lee Argues that Psychologists Need to Get to Know Their Participants
260 _c2012
300 _a75
520 _aProblem Solving and Psychologist Appointments, Social Anxiety in Higher Education, The Brief Alcohol Intervention, Viewpoints: The Cost of Caregiving.
700 1 _aSutton Jon
_99351
942 _cCR
710 2 _aThe British Psychological Society
_99823
999 _c8816
_d8816